[Event "HUN-ch Rapid"]
[Site "Ajka"]
[Date "2024.07.20"]
[Round "4"]
[White "Fridman, Daniel"]
[Black "Csati, Oliver"]
[Result "0-1"]
[WhiteElo "2591"]
[BlackElo "2208"]
[PlyCount "117"]
[EventDate "2024.07.20"]
[EventType "swiss (rapid)"]
[EventRounds "11"]
[EventCountry "HUN"]
[SourceTitle "CBM 221 Extra"]
[Source "ChessBase"]
[SourceDate "2024.09.30"]
[SourceVersion "1"]
[SourceVersionDate "2024.09.30"]
[SourceQuality "1"]

1. d4 Nf6 2. Nf3 e6 3. g3 b5 4. Bg2 Bb7 5. 0-0 c5 6. c3 cxd4 7. cxd4 Be7 8. Bg5 0-0 9. Qd3 a6 10. Nbd2 h6 11. Bxf6 Bxf6 12. Rac1 d6 13. Nb3 Nd7 14. e3 Qb6 15. Qc3 Rac8 16. Qb4 Be7 17. Na5 Ba8 18. Nd2 Bxg2 19. Kxg2 Rfe8 20. Ndb3 Bf8 21. Qd2 Qb8 22. d5 exd5 23. Qxd5 Nb6 24. Qd4 Qa8+ 25. Kg1 Nd7 26. Nd2 Rc5 27. Rxc5 dxc5 28. Qc3 Ne5 29. Nab3 Qc8 30. Kg2 Qc6+ 31. Kg1 Qc8 32. Qc2 Qh3 33. Qe4 Ng4 34. Qg2 Qh5 35. Rc1 Qe5 36. Qf3 Nf6 37. Rc2 c4 38. Nd4 Bc5 39. Nf5 Rd8 40. Kg2 Rd5 41. e4 Rd3 42. Qe2 Rd8 43. f4 Qe6 44. g4 Re8 45. Kf3 Nxg4 46. Qg2 h5 47. h3 Qd7 48. Rc3 g6 49. hxg4 gxf5 50. gxf5+ Kh7 51. Qh2 Kh6 52. Ke2 Rd8 53. Kd1 Bb4 54. Qg2 Qxd2+ 55. Qxd2 Rxd2+ 56. Kxd2 h4 57. Ke2 h3 58. Kf3 h2 59. Kg2 0-1

[Event "HUN-ch Rapid"]
[Site "Ajka"]
[Date "2024.07.20"]
[Round "2"]
[White "Sjugirov, Sanan"]
[Black "Csati, Oliver"]
[Result "1-0"]
[WhiteElo "2651"]
[BlackElo "2208"]
[PlyCount "47"]
[EventDate "2024.07.20"]
[EventType "swiss (rapid)"]
[EventRounds "11"]
[EventCountry "HUN"]
[SourceTitle "CBM 221 Extra"]
[Source "ChessBase"]
[SourceDate "2024.09.30"]
[SourceVersion "1"]
[SourceVersionDate "2024.09.30"]
[SourceQuality "1"]

1. c4 Nf6 2. Nf3 c5 3. g3 Nc6 4. Bg2 g6 5. Nc3 Bg7 6. d4 cxd4 7. Nxd4 0-0 8. 0-0 Nxd4 9. Qxd4 d6 10. Qd3 Nd7 11. b3 Ne5 12. Qd2 Rb8 13. Bb2 Bd7 14. Rad1 Bc6 15. Nd5 b5 16. c5 dxc5 17. Qe3 e6 18. Bxe5 exd5 19. Bxb8 d4 20. Bxc6 dxe3 21. Rxd8 Rxd8 22. Bxa7 Rd2 23. Bxc5 Rxa2 24. Bxe3 1-0

[Event "HUN-chT2 Erkel 2223"]
[Site "Hungary"]
[Date "2023.02.19"]
[Round "6.2"]
[White "Csati, Oliver"]
[Black "Szieberth, Adam"]
[Result "0-1"]
[WhiteElo "2228"]
[BlackElo "2261"]
[PlyCount "92"]
[EventDate "2022.11.20"]
[EventType "team-tourn"]
[EventRounds "9"]
[EventCountry "HUN"]
[SourceTitle "EXT 2025"]
[Source "ChessBase"]
[SourceDate "2024.10.14"]
[SourceVersion "1"]
[SourceVersionDate "2024.10.14"]
[SourceQuality "1"]
[WhiteTeam "HASE"]
[BlackTeam "EUTender Sinus"]
[WhiteTeamCountry "HUN"]
[BlackTeamCountry "HUN"]

1. e4 c5 2. Nf3 e6 3. d4 cxd4 4. Nxd4 a6 5. Nc3 Qc7 6. Be3 Bb4 7. Bd2 Nf6 8. Bd3 Nc6 9. Nxc6 dxc6 10. 0-0 Bc5 11. Qf3 e5 12. Bc4 Qe7 13. a4 Be6 14. Bxe6 Qxe6 15. a5 0-0 16. Be3 Bd4 17. Na4 Rad8 18. Rfe1 Qc4 19. c3 Bxe3 20. Qxe3 Qb5 21. Qe2 Qxe2 22. Rxe2 Rd6 23. Nc5 Rb8 24. f3 Nd7 25. Nb3 Kf8 26. Kf2 h5 27. Rd2 Rxd2+ 28. Nxd2 Nc5 29. Ke2 Rd8 30. Nc4 f6 31. Rd1 Rxd1 32. Kxd1 Ke7 33. b4 Ne6 34. g3 c5 35. Kd2 cxb4 36. cxb4 Nd4 37. f4 exf4 38. Kd3 fxg3 39. hxg3 Nc6 40. Ne3 Nxb4+ 41. Kc4 Nc6 42. Nf5+ Kf8 43. Nd6 Nxa5+ 44. Kb4 b6 45. Nc8 Nc6+ 46. Kc4 b5+ 0-1

[Event "HUN-chT2 Erkel 2223"]
[Site "Hungary"]
[Date "2022.11.20"]
[Round "1.2"]
[White "Feher, Gyula"]
[Black "Csati, Oliver"]
[Result "1-0"]
[WhiteElo "2328"]
[BlackElo "2235"]
[PlyCount "75"]
[EventDate "2022.11.20"]
[EventType "team-tourn"]
[EventRounds "9"]
[EventCountry "HUN"]
[SourceTitle "EXT 2025"]
[Source "ChessBase"]
[SourceDate "2024.10.14"]
[SourceVersion "1"]
[SourceVersionDate "2024.10.14"]
[SourceQuality "1"]
[WhiteTeam "Magyar Sakkvilag"]
[BlackTeam "HASE"]
[WhiteTeamCountry "HUN"]
[BlackTeamCountry "HUN"]

1. e4 c5 2. Nf3 d6 3. d4 cxd4 4. Nxd4 Nf6 5. Nc3 a6 6. Bg5 e6 7. f4 Be7 8. Qf3 Qc7 9. 0-0-0 Nbd7 10. g4 h6 11. Bxf6 Bxf6 12. h4 Nb6 13. g5 Bxd4 14. Rxd4 Qc5 15. Rd2 Bd7 16. Bd3 0-0-0 17. Re1 hxg5 18. hxg5 Rh4 19. e5 Bc6 20. Qg3 Rdh8 21. g6 dxe5 22. Rxe5 Qf8 23. gxf7 Qxf7 24. f5 Qc7 25. fxe6 Rh3 26. Qf4 R3h4 27. Qe3 Rh1+ 28. Rd1 Bf3 29. e7 Rxd1+ 30. Nxd1 Re8 31. Nc3 Bc6 32. Re6 Nd5 33. Nxd5 Bxd5 34. Re5 Qd6 35. b3 g6 36. Qd4 Rxe7 37. Rxd5 Qa3+ 38. Kd2 1-0

[Event "HUN-chT2 Erkel 2122"]
[Site "Hungary"]
[Date "2021.12.05"]
[Round "3.3"]
[White "Torok, Adam"]
[Black "Csati, Oliver"]
[Result "0-1"]
[WhiteElo "2056"]
[BlackElo "2205"]
[PlyCount "72"]
[EventDate "2021.10.10"]
[EventType "team-tourn"]
[EventRounds "9"]
[EventCountry "HUN"]
[SourceTitle "EXT 2025"]
[Source "ChessBase"]
[SourceDate "2024.10.14"]
[SourceVersion "1"]
[SourceVersionDate "2024.10.14"]
[SourceQuality "1"]
[WhiteTeam "Vizugy"]
[BlackTeam "HASE"]
[WhiteTeamCountry "HUN"]
[BlackTeamCountry "HUN"]

1. c4 g6 2. Nc3 Bg7 3. g3 f5 4. Bg2 Nf6 5. d3 0-0 6. e3 e5 7. Nge2 d6 8. 0-0 c6 9. f4 Be6 10. Rb1 exf4 11. gxf4 a5 12. b4 axb4 13. Rxb4 Rf7 14. Nd4 Qe7 15. Nxe6 Qxe6 16. Qb3 Na6 17. Ra4 Rc8 18. Qc2 Nc5 19. Rb4 Ng4 20. Nd1 Ra8 21. h3 Nf6 22. Nc3 Nh5 23. d4 Ne4 24. Nxe4 fxe4 25. Kh2 d5 26. cxd5 cxd5 27. Qb3 g5 28. Qd1 gxf4 29. Qxh5 f3 30. Rb2 Raf8 31. Rff2 fxg2 32. Kxg2 Rf3 33. Qg4 Qc6 34. Rfc2 Qa6 35. Re2 R3f6 36. Rbc2 Rg6 0-1

[Event "HUN-ch Rapid"]
[Site "Ajka"]
[Date "2021.07.17"]
[Round "6"]
[White "Papp, Gabor"]
[Black "Csati, Oliver"]
[Result "1-0"]
[WhiteElo "2599"]
[BlackElo "2214"]
[PlyCount "55"]
[EventDate "2021.07.16"]
[EventType "swiss (rapid)"]
[EventRounds "13"]
[EventCountry "HUN"]
[SourceTitle "CBM 203 Extra"]
[Source "ChessBase"]
[SourceDate "2021.09.30"]
[SourceVersion "1"]
[SourceVersionDate "2021.09.30"]
[SourceQuality "1"]

1. Nf3 d5 2. g3 Nf6 3. Bg2 e6 4. 0-0 Be7 5. d4 0-0 6. c4 dxc4 7. Qc2 a6 8. a4 Bd7 9. Qxc4 Bc6 10. Bf4 b5 11. Qc2 b4 12. Nbd2 Bd6 13. Rac1 Qe8 14. a5 h6 15. Rfe1 Ba4 16. b3 Bc6 17. Bxd6 cxd6 18. Nc4 Qe7 19. Nb6 Ra7 20. e4 Nfd7 21. d5 Bb7 22. Nd4 Qf6 23. Nc6 Bxc6 24. dxc6 Rc7 25. Qd2 Ne5 26. f4 Nexc6 27. Qxd6 Qe7 28. e5 1-0

[Event "Balaton Summer's End IM"]
[Site "Balatonlelle"]
[Date "2019.09.03"]
[Round "7"]
[White "Csati, Oliver"]
[Black "Lenaerts, Lennert"]
[Result "1/2-1/2"]
[WhiteElo "2223"]
[BlackElo "2335"]
[PlyCount "60"]
[EventDate "2019.08.29"]
[EventType "tourn"]
[EventRounds "9"]
[EventCountry "HUN"]
[EventCategory "1"]
[SourceTitle "EXT 2020"]
[Source "ChessBase"]
[SourceDate "2019.10.17"]
[SourceVersion "1"]
[SourceVersionDate "2019.10.17"]
[SourceQuality "1"]

1. e4 e5 2. Nf3 Nc6 3. Bb5 a6 4. Ba4 Nf6 5. 0-0 Be7 6. Re1 b5 7. Bb3 0-0 8. c3 d5 9. exd5 Nxd5 10. d4 exd4 11. Nxd4 Nxd4 12. Qxd4 Bb7 13. Nd2 Re8 14. Ne4 Nf6 15. Nxf6+ Bxf6 16. Qxd8 Raxd8 17. Rxe8+ Rxe8 18. Be3 Rd8 19. a4 Bd5 20. Bxd5 Rxd5 21. axb5 axb5 22. Ra8+ Rd8 23. Rxd8+ Bxd8 24. Kf1 f5 25. Ke2 Kf7 26. Kd3 Ke6 27. Kd4 Be7 28. b3 c5+ 29. Kd3 Bd6 30. c4 b4 1/2-1/2

[Event "Balaton Summer's End IM"]
[Site "Balatonlelle"]
[Date "2019.09.01"]
[Round "5"]
[White "Csati, Oliver"]
[Black "Vegh, Endre"]
[Result "1-0"]
[WhiteElo "2223"]
[BlackElo "2239"]
[PlyCount "89"]
[EventDate "2019.08.29"]
[EventType "tourn"]
[EventRounds "9"]
[EventCountry "HUN"]
[EventCategory "1"]
[SourceTitle "EXT 2020"]
[Source "ChessBase"]
[SourceDate "2019.10.17"]
[SourceVersion "1"]
[SourceVersionDate "2019.10.17"]
[SourceQuality "1"]

1. c4 b6 2. Nc3 Bb7 3. e4 e5 4. Nf3 Nc6 5. d3 Bc5 6. g3 Nge7 7. Bg2 0-0 8. 0-0 f5 9. exf5 Nxf5 10. Nxe5 Nxe5 11. Bxb7 Nd4 12. Kg2 c6 13. Bxa8 Nef3 14. Ne4 Qxa8 15. Nxc5 bxc5 16. Be3 Qe8 17. Bxd4 cxd4 18. Qxf3 Rxf3 19. Kxf3 Qh5+ 20. Kg2 Qe2 21. Rfd1 Qxb2 22. a4 a5 23. Rab1 Qc2 24. Re1 Qxd3 25. Rb7 c5 26. Rxd7 h6 27. Ree7 Qg6 28. h4 Qg4 29. h5 Kh7 30. Rxg7+ Qxg7 31. Rxg7+ Kxg7 32. f4 Kf6 33. g4 Kf7 34. Kf3 Kg7 35. g5 hxg5 36. fxg5 Kf7 37. g6+ Ke6 38. Ke4 Kf6 39. Kf4 Ke6 40. h6 Kf6 41. h7 Kg7 42. Ke4 Kh8 43. Kf5 Kg7 44. Ke6 d3 45. h8Q+ 1-0

[Event "Balaton Summer's End IM"]
[Site "Balatonlelle"]
[Date "2019.08.30"]
[Round "2"]
[White "Lyell, Mark"]
[Black "Csati, Oliver"]
[Result "1-0"]
[WhiteElo "2198"]
[BlackElo "2223"]
[PlyCount "68"]
[EventDate "2019.08.29"]
[EventType "tourn"]
[EventRounds "9"]
[EventCountry "HUN"]
[EventCategory "1"]
[SourceTitle "EXT 2020"]
[Source "ChessBase"]
[SourceDate "2019.10.17"]
[SourceVersion "1"]
[SourceVersionDate "2019.10.17"]
[SourceQuality "1"]

1. e4 c5 2. Nc3 Nc6 3. Bb5 Nd4 4. Nf3 Nxb5 5. Nxb5 g6 6. d4 Bg7 7. e5 cxd4 8. Qxd4 Qa5+ 9. Nc3 d6 10. Qd5 Qxd5 11. Nxd5 Kd7 12. Bf4 e6 13. Ne3 dxe5 14. Bxe5 Bxe5 15. Nxe5+ Ke7 16. 0-0-0 f6 17. Nd3 b6 18. Rhe1 Bb7 19. Nf4 Rc8 20. Nxe6 Kxe6 21. Nc4+ Kf5 22. Nd6+ Kg4 23. Nxc8 Bxc8 24. Rd8 Ba6 25. Ree8 Bf1 26. Rxg8 Rxg8 27. Rxg8 Bxg2 28. Rg7 Kf3 29. Rxh7 Kxf2 30. Rf7 f5 31. Rf6 Bf3 32. Rxg6 Ke3 33. Re6+ Be4 34. Kd1 f4 1-0

[Event "Balaton Summer's End IM"]
[Site "Balatonlelle"]
[Date "2019.08.29"]
[Round "1"]
[White "Suta, Andraz"]
[Black "Csati, Oliver"]
[Result "1-0"]
[WhiteElo "2278"]
[BlackElo "2223"]
[PlyCount "63"]
[EventDate "2019.08.29"]
[EventType "tourn"]
[EventRounds "9"]
[EventCountry "HUN"]
[EventCategory "1"]
[SourceTitle "EXT 2020"]
[Source "ChessBase"]
[SourceDate "2019.10.17"]
[SourceVersion "1"]
[SourceVersionDate "2019.10.17"]
[SourceQuality "1"]

1. e4 c5 2. Nf3 d6 3. d4 cxd4 4. Nxd4 Nf6 5. Nc3 a6 6. Be3 e6 7. g4 e5 8. Nf5 g6 9. Bg2 gxf5 10. exf5 h5 11. h3 hxg4 12. hxg4 Rxh1+ 13. Bxh1 d5 14. Nxd5 Nxd5 15. Bxd5 Nc6 16. Qd3 Nd4 17. Qc4 Nxc2+ 18. Ke2 Nxe3 19. Bxf7+ Ke7 20. fxe3 Qb6 21. Rh1 Qb5 22. Rh7 Qxc4+ 23. Bxc4+ Kd6 24. Rf7 Bd7 25. g5 b5 26. Bb3 Re8 27. g6 Bh6 28. f6 Bg4+ 29. Kf2 Bh5 30. Rh7 Bxe3+ 31. Kxe3 Bxg6 32. Rh6 1-0

[Event "Balatonalmadi Pannonia Cup 27th"]
[Site "Balatonalmadi"]
[Date "2019.07.27"]
[Round "6"]
[White "Csati, Oliver"]
[Black "Juhasz, Judit"]
[Result "1-0"]
[WhiteElo "2233"]
[BlackElo "2050"]
[PlyCount "77"]
[EventDate "2019.07.24"]
[EventType "swiss"]
[EventRounds "7"]
[EventCountry "HUN"]
[SourceTitle "CBM 191 Extra"]
[Source "ChessBase"]
[SourceDate "2019.09.30"]
[SourceVersion "1"]
[SourceVersionDate "2019.09.30"]
[SourceQuality "1"]

1. g3 g6 2. Bg2 Bg7 3. d4 Nf6 4. e4 d6 5. Ne2 0-0 6. 0-0 Nfd7 7. c4 Nc6 8. d5 Nce5 9. Qc2 Nc5 10. Nbc3 Nxc4 11. b3 Nb6 12. Be3 Na6 13. h4 e6 14. h5 exd5 15. h6 Bh8 16. exd5 Bf5 17. Qd2 Qd7 18. Bd4 Bxd4 19. Qxd4 f6 20. Nf4 Rae8 21. Rfe1 Re5 22. Re3 Qf7 23. Rae1 Rfe8 24. a4 Nc5 25. a5 Nxb3 26. Qb4 Nxa5 27. Qxa5 Nc4 28. Rxe5 dxe5 29. Qa2 exf4 30. Rxe8+ Qxe8 31. Qxc4 Qe1+ 32. Kh2 fxg3+ 33. fxg3 Qe3 34. d6+ Kf8 35. Nd5 Qxh6+ 36. Kg1 cxd6 37. Qc7 g5 38. Qe7+ Kg8 39. Ne3 1-0

[Event "Balatonalmadi Pannonia Cup 27th"]
[Site "Balatonalmadi"]
[Date "2019.07.25"]
[Round "3"]
[White "Gyerpal, Adrian"]
[Black "Csati, Oliver"]
[Result "0-1"]
[WhiteElo "2043"]
[BlackElo "2233"]
[PlyCount "136"]
[EventDate "2019.07.24"]
[EventType "swiss"]
[EventRounds "7"]
[EventCountry "HUN"]
[SourceTitle "CBM 191 Extra"]
[Source "ChessBase"]
[SourceDate "2019.09.30"]
[SourceVersion "1"]
[SourceVersionDate "2019.09.30"]
[SourceQuality "1"]

1. d4 Nf6 2. c4 g6 3. Nf3 Bg7 4. g3 0-0 5. Bg2 d6 6. 0-0 Nc6 7. Nc3 a6 8. b3 Rb8 9. Bb2 b5 10. cxb5 axb5 11. Rc1 b4 12. Na4 Na5 13. Qc2 c6 14. Ne1 Ba6 15. Nd3 Bb5 16. Qd2 Bxa4 17. bxa4 Nd5 18. Bxd5 cxd5 19. Nxb4 Nc4 20. Rxc4 dxc4 21. Nc6 Qd7 22. Nxb8 Qxa4 23. Nc6 Qxc6 24. d5 Qa4 25. Bxg7 Kxg7 26. Qc3+ Kg8 27. Rc1 Rc8 28. a3 Qb5 29. e4 Qc5 30. Qe3 Qxe3 31. fxe3 Ra8 32. Rxc4 Rxa3 33. Rc7 Kf8 34. Kf2 Ra2+ 35. Kg1 Ra4 36. Kf2 Rxe4 37. Ra7 f5 38. Ra2 Kf7 39. Kf3 h5 40. h4 Kf6 41. Ra3 Rc4 42. Rb3 Rc5 43. e4 fxe4+ 44. Kxe4 Rc4+ 45. Kf3 Rd4 46. Rb5 Ke5 47. Rb7 Kxd5 48. Rxe7 Rg4 49. Ra7 Ke5 50. Ra1 d5 51. Re1+ Kd4 52. Rd1+ Kc4 53. Rc1+ Kb3 54. Rd1 d4 55. Ke2 Kc4 56. Rd3 Re4+ 57. Kd2 Re6 58. Ra3 Rb6 59. Kc2 d3+ 60. Kc1 Kd4 61. Ra8 Ke3 62. Re8+ Kf3 63. Kd2 Kxg3 64. Kxd3 Kxh4 65. Re4+ Kg5 66. Ke3 Rf6 67. Ke2 h4 68. Re8 Kg4 0-1

[Event "Budapest Spring op"]
[Site "Budapest"]
[Date "2019.04.09"]
[Round "1"]
[White "Shagbazyan, Taron"]
[Black "Csati, Oliver"]
[Result "1/2-1/2"]
[WhiteElo "2429"]
[BlackElo "2221"]
[PlyCount "95"]
[EventDate "2019.04.09"]
[EventType "swiss"]
[EventRounds "9"]
[EventCountry "HUN"]
[SourceTitle "CBM 190 Extra"]
[Source "ChessBase"]
[SourceDate "2019.07.15"]
[SourceVersion "1"]
[SourceVersionDate "2019.07.15"]
[SourceQuality "1"]

1. d4 Nf6 2. c4 e6 3. Nc3 Bb4 4. e3 0-0 5. Bd3 d5 6. Nf3 c5 7. 0-0 cxd4 8. exd4 dxc4 9. Bxc4 Nc6 10. a3 Be7 11. Qd3 a6 12. Bg5 b5 13. Bb3 Bb7 14. Rad1 b4 15. Bc2 g6 16. Na4 Nd5 17. Bxe7 Qxe7 18. Qd2 Rfd8 19. Nc5 Rac8 20. axb4 Ndxb4 21. Be4 Nxd4 22. Nxd4 Bxe4 23. Nxe4 e5 24. Nf5 gxf5 25. Nd6 Rb8 26. Nxf5 Qf6 27. Nd6 Kf8 28. f4 e4 29. Nxe4 Qe7 30. Qe2 Rxd1 31. Qxd1 Rd8 32. Qf3 Rd3 33. Qe2 f5 34. Ng3 Qxe2 35. Nxe2 Rd2 36. Ng3 Rxb2 37. Ra1 Ke7 38. Nxf5+ Ke6 39. Ne3 Rb3 40. Nc4 Kd5 41. Na5 Rb2 42. f5 Nc2 43. Rd1+ Ke4 44. Rd7 Kxf5 45. Rxh7 Ne3 46. Rg7 Ng4 47. Rf7+ Kg6 48. Rf1 1/2-1/2

[Event "Split op 8th"]
[Site "Split"]
[Date "2018.08.13"]
[Round "3"]
[White "Sale, Srdjan"]
[Black "Csati, Oliver"]
[Result "1/2-1/2"]
[WhiteElo "2427"]
[BlackElo "2188"]
[PlyCount "72"]
[EventDate "2018.08.12"]
[EventType "swiss"]
[EventRounds "9"]
[EventCountry "CRO"]
[SourceTitle "CBM 186 Extra"]
[Source "ChessBase"]
[SourceDate "2018.08.24"]
[SourceVersion "1"]
[SourceVersionDate "2018.08.24"]
[SourceQuality "1"]

1. c4 Nf6 2. Nc3 g6 3. Nf3 Bg7 4. d4 0-0 5. Bg5 d6 6. e3 c6 7. Be2 a5 8. 0-0 Qc7 9. h3 Nbd7 10. Qc2 Re8 11. Rfd1 e5 12. Rac1 exd4 13. Nxd4 Nc5 14. Bf4 Nfd7 15. Ndb5 cxb5 16. Nxb5 Qd8 17. Nxd6 Rf8 18. Rd2 Qb6 19. Bg4 f5 20. Bf3 Ne5 21. Bd5+ Be6 22. Bxe6+ Nxe6 23. c5 Qc7 24. Qb3 Qe7 25. Nxb7 Kh8 26. c6 Nxf4 27. exf4 Nxc6 28. Nd6 Nd4 29. Qd5 Rad8 30. Rxd4 Bxd4 31. Qxd4+ Qf6 32. Qxf6+ Rxf6 33. Nc4 Rc6 34. b3 Rd2 35. a4 Rc5 36. Re1 Rd3 1/2-1/2

[Event "Balatonalmadi Pannonia Cup 23th"]
[Site "Balatonalmadi"]
[Date "2018.07.19"]
[Round "3"]
[White "Papp, Bence"]
[Black "Csati, Oliver"]
[Result "1-0"]
[WhiteElo "2074"]
[BlackElo "2188"]
[PlyCount "91"]
[EventDate "2018.07.18"]
[EventType "swiss"]
[EventRounds "7"]
[EventCountry "HUN"]
[SourceTitle "EXT 2025"]
[Source "ChessBase"]
[SourceDate "2024.10.14"]
[SourceVersion "1"]
[SourceVersionDate "2024.10.14"]
[SourceQuality "1"]

1. d4 Nf6 2. c4 g6 3. f3 c5 4. d5 d6 5. e4 Bg7 6. Nc3 0-0 7. Be3 a6 8. a4 Re8 9. Qd2 Qc7 10. Bd3 e6 11. Nge2 exd5 12. exd5 Nbd7 13. 0-0 Ne5 14. Ng3 Nxd3 15. Qxd3 Ng4 16. Bf4 Bd4+ 17. Kh1 Nxh2 18. Rfe1 Rxe1+ 19. Rxe1 Qd8 20. Qd2 Ng4 21. Bg5 Bf6 22. Nce4 Bxg5 23. Qxg5 Qxg5 24. Nxg5 Ne5 25. b3 Bf5 26. N5e4 Bxe4 27. Nxe4 Rd8 28. Nxc5 dxc5 29. Rxe5 Kf8 30. Kh2 b5 31. axb5 axb5 32. cxb5 f6 33. Re6 Kf7 34. Rc6 Rxd5 35. b6 Rd8 36. Rxc5 Rb8 37. Rc7+ Ke6 38. b7 h5 39. Kg3 g5 40. b4 Kd6 41. Rh7 Kc6 42. Rf7 Kb5 43. Rxf6 Kxb4 44. Rf5 g4 45. f4 Rh8 46. Rxh5 1-0

[Event "Budapest Spring op"]
[Site "Budapest"]
[Date "2018.04.19"]
[Round "2"]
[White "Hauge, Lars Oskar"]
[Black "Csati, Oliver"]
[Result "1-0"]
[WhiteElo "2441"]
[BlackElo "2200"]
[PlyCount "109"]
[EventDate "2018.04.18"]
[EventType "swiss"]
[EventRounds "9"]
[EventCountry "HUN"]
[SourceTitle "CBM 184 Extra"]
[Source "ChessBase"]
[SourceDate "2018.06.28"]
[SourceVersion "1"]
[SourceVersionDate "2018.06.28"]
[SourceQuality "1"]

1. e4 c5 2. Nf3 e6 3. b3 b6 4. Bb2 Bb7 5. Bd3 Nf6 6. Qe2 Be7 7. c4 d6 8. Bc2 e5 9. Nh4 Nc6 10. Nf5 g6 11. Nxe7 Qxe7 12. d3 Nh5 13. g3 Ng7 14. Nd2 Ne6 15. Nf3 f5 16. 0-0-0 fxe4 17. dxe4 0-0-0 18. Rdf1 Rhf8 19. Qe3 Rf7 20. Bd1 Rdf8 21. Nd2 Kb8 22. h4 h5 23. Rhg1 a5 24. Bc3 Ncd4 25. Kb2 Bc6 26. f3 Kb7 27. Rf2 a4 28. Rgf1 axb3 29. axb3 b5 30. Kc1 b4 31. Bb2 Qd8 32. Kb1 Qe7 33. Kc1 Qd8 34. Kb1 Qe7 35. f4 Nd8 36. Qe1 Rh7 37. Kc1 Rff7 38. Bxd4 exd4 39. Nf3 Rh8 40. Ng5 Rff8 41. e5 Kb6 42. Bc2 Rhg8 43. Re2 Qa7 44. Kd2 d5 45. cxd5 Bxd5 46. e6 Nc6 47. Re5 Nxe5 48. Qxe5 Bc6 49. e7 Re8 50. Re1 Qa2 51. Ne6 Qa7 52. Ra1 Qxa1 53. Qc7+ Ka6 54. Bd3+ Bb5 55. Nxc5# 1-0

[Event "HUN-chT2 Breyer 1718"]
[Site "Hungary"]
[Date "2018.01.28"]
[Round "7.2"]
[White "Csati, Oliver"]
[Black "Jablonicky, Martin"]
[Result "1/2-1/2"]
[WhiteElo "2187"]
[BlackElo "2330"]
[PlyCount "105"]
[EventDate "2017.09.24"]
[EventType "team-tourn"]
[EventRounds "11"]
[EventCountry "HUN"]
[SourceTitle "EXT 2021"]
[Source "ChessBase"]
[SourceDate "2020.10.23"]
[SourceVersion "1"]
[SourceVersionDate "2020.10.23"]
[SourceQuality "1"]
[WhiteTeam "Budapest HASE"]
[BlackTeam "Naszaly Geniusz Tata"]
[WhiteTeamCountry "HUN"]
[BlackTeamCountry "HUN"]

1. d4 Nf6 2. c4 g6 3. Nc3 Bg7 4. e4 d6 5. Nf3 0-0 6. Be2 Bg4 7. 0-0 Nfd7 8. h3 Bxf3 9. Bxf3 Nc6 10. Be3 e5 11. d5 Nd4 12. Bxd4 exd4 13. Ne2 d3 14. Nf4 Bxb2 15. Rb1 Bg7 16. Nxd3 b6 17. Qd2 Re8 18. Rbe1 h5 19. Bd1 Qf6 20. Ba4 Rad8 21. Nb4 Qc3 22. Qxc3 Bxc3 23. Nc6 Bxe1 24. Rxe1 Ra8 25. Nd4 Red8 26. Nc6 Ne5 27. Nxd8 Rxd8 28. Re3 g5 29. Rg3 f6 30. h4 g4 31. f3 Kg7 32. fxg4 hxg4 33. Bd1 Kh6 34. Ra3 a5 35. Kf2 Kh5 36. Kg3 Rf8 37. Kf4 Ng6+ 38. Kg3 Ne5 39. Kf4 Ng6+ 40. Kg3 Nxh4 41. Bxg4+ Kg5 42. Be6 f5 43. exf5 Nxf5+ 44. Bxf5 Rxf5 45. Rf3 Re5 46. Rf7 b5 47. Rxc7 bxc4 48. Rxc4 Rxd5 49. Kf3 Rd3+ 50. Ke4 Rd2 51. Ra4 Rxg2 52. Rxa5+ Kf6 53. Ra8 1/2-1/2

[Event "Marianske Lazne IM-B1 16th"]
[Site "Marianske Lazne"]
[Date "2017.01.24"]
[Round "5"]
[White "Csati, Oliver"]
[Black "Solozhenkina, Elizaveta"]
[Result "0-1"]
[WhiteElo "2220"]
[BlackElo "2232"]
[PlyCount "60"]
[EventDate "2017.01.21"]
[EventType "tourn"]
[EventRounds "9"]
[EventCountry "CZE"]
[EventCategory "1"]
[SourceTitle "CBM 176 Extra"]
[Source "ChessBase"]
[SourceDate "2017.03.02"]
[SourceVersion "1"]
[SourceVersionDate "2017.03.02"]
[SourceQuality "1"]

1. d4 Nf6 2. c4 g6 3. g3 c6 4. Bg2 d5 5. cxd5 cxd5 6. Nc3 Bg7 7. Nf3 0-0 8. 0-0 e6 9. b3 Nc6 10. Ba3 Re8 11. Rc1 Ne4 12. Nxe4 dxe4 13. Nd2 Nxd4 14. Nxe4 Qa5 15. Nd6 Rd8 16. Nc4 Qh5 17. Re1 e5 18. Ne3 Bh3 19. Qd3 Bxg2 20. Nxg2 e4 21. Qe3 Qa5 22. Be7 Re8 23. Bc5 Nf5 24. Qf4 Bh6 25. Qg4 Bxc1 26. Rxc1 Qd2 27. Rf1 h5 28. Qh3 Qxe2 29. Ne3 Nxe3 30. fxe3 Rad8 0-1

[Event "Marianske Lazne IM-B1 16th"]
[Site "Marianske Lazne"]
[Date "2017.01.24"]
[Round "4"]
[White "Matta, Vinay Kumar"]
[Black "Csati, Oliver"]
[Result "1-0"]
[WhiteElo "2273"]
[BlackElo "2220"]
[PlyCount "73"]
[EventDate "2017.01.21"]
[EventType "tourn"]
[EventRounds "9"]
[EventCountry "CZE"]
[EventCategory "1"]
[SourceTitle "CBM 176 Extra"]
[Source "ChessBase"]
[SourceDate "2017.03.02"]
[SourceVersion "1"]
[SourceVersionDate "2017.03.02"]
[SourceQuality "1"]

1. e4 e5 2. Bc4 Nf6 3. d3 Be7 4. Nc3 d6 5. f4 h5 6. Nf3 Bg4 7. h3 Bxf3 8. Qxf3 Nc6 9. Be3 h4 10. 0-0-0 Qd7 11. a3 Nh5 12. d4 exd4 13. Bxd4 Nxd4 14. Rxd4 Ng3 15. Re1 c6 16. e5 Nf5 17. Bxf7+ Kxf7 18. e6+ Qxe6 19. Rxe6 Nxd4 20. Rxe7+ Kxe7 21. Qe4+ Ne6 22. f5 Rh6 23. fxe6 Re8 24. Qd4 Rg6 25. Qxa7 Rxg2 26. Qxb7+ Kxe6 27. Qxc6 Rg1+ 28. Kd2 Rh8 29. Ne2 Rg5 30. Nd4+ Kf7 31. Qd7+ Kg6 32. Qe6+ Kh7 33. Qe4+ Kg8 34. Nf3 Rg2+ 35. Ke3 g5 36. Qg6+ Kf8 37. Nxg5 1-0